000 00663cpcaa2200217 4500
001 mm 81021212
003 DLC
005 20260227111707.0
008 810324|||||||||||| eng
010 _amm 81021212
040 _aDLC
_cDLC
_edacs
_dDLC
072 7 _aC
_2lcmd
100 1 _aFrailey, Leonard.
245 0 0 _aLeonard Frailey commonplace books,
_fundated.
300 _a2
_fitems.
300 _a2
_fcontainers.
506 0 _aOpen to research.
546 _aCollection material in English.
650 0 _aCommonplace books.
999 _c43106
_d43106